000 00691cam a2200169 i 4500
005 20251108164049.0
008 250721n19901999jo gr 000 0 ara d
082 1 4 _a001.94
_bح س ي
100 1 _aحسين، جمال نصار
_eمؤلف.
245 1 0 _aحقيقة الظواهر الخارقة :
_bقراءات في الباراسايكولوجيا العربية المؤمنه /
_cد جمال نصار حسين، لؤي فتوحي.
264 3 1 _aعمان :
_bالاهلية للنشر و التوزيع،
_c[غير معرف]
300 _a12 صفحة.
650 1 7 _aعجائب و غرائب.
700 1 _aفتوحي، لؤي
_eمؤلف.
942 _2ddc
_cBK
999 _c2681
_d2681